000 01328nam a2200229 4500
001 113670
003 DR-UNIBE
005 20250523105938.0
008 250523b2000 dr ||||| |||| 00| 0 spa d
040 _aBIBLIOTECA UNIBE
_bspa
_cBIBLIOTECA UNIBE
041 _aspa
082 _222
_aRD 347.7293 C737d
245 0 0 _aCompendio de derecho judicial
260 _aSanto Domingo :
_bProyecto de Fortalecimiento del Poder Judicial,
_c2000
300 _a263 páginas ;
_c23 cm
505 0 _aPresentación | I. Constitución de la República Dominicana | II. Ley orgánica del Consejo Nacional de la Magistratura (No. 169-97) | III. Ley de la carrera judicial | IV. Sentencia de inconstitucionalidad de artículos de la ley de carrera judicial | V. Ley de organización judicial (No. 821) y sus modificaciones | VI. Ley 50-00 | VII. Ley orgánica de la Suprema Corte de Justicia (No. 25-91) | VIII. Reglamento de la carrera judicial | IX. Reglamento de la Escuela Nacional de la Judicatura | X. Reglamento de retiro, pensiones y jubilaciones
650 7 _2lemb
_aLegislación judicial
_zRepública Dominicana
_9195880
650 7 _2lemb
_aPoder judicial
_zRepública Dominicana
650 7 _2lemb
_aJurisprudencia
_zRepública Dominicana
_916213
700 1 _aSubero Isa, Jorge A.,
_d1947-
_epresentación
942 _2ddc
_cBK
999 _c113670
_d113670